书目信息 |
| 题名: |
高强合金材料及其可靠性预测
|
|
| 作者: | 徐楠 , 姜小琛 , 秦广久 著 | |
| 分册: | ||
| 出版信息: | 北京 化学工业出版社 2024.07 |
|
| 页数: | 113页 | |
| 开本: | 24cm | |
| 丛书名: | ||
| 单 册: | ||
| 中图分类: | TG135 | |
| 科图分类: | ||
| 主题词: | 高强度--gao qiang du--合金--金属材料 | |
| 电子资源: | ||
| ISBN: | 978-7-122-45615-1 | |
| 000 | 01257nam0 2200265 450 | |
| 001 | 89327 | |
| 005 | 20250814105501.70 | |
| 010 | @a978-7-122-45615-1@dCNY79.00 | |
| 100 | @a20240626d2024 em y0chiy50 ea | |
| 101 | 0 | @achi |
| 102 | @aCN@b110000 | |
| 105 | @aak a 000yy | |
| 106 | @ar | |
| 200 | 1 | @a高强合金材料及其可靠性预测@Agao qiang he jin cai liao ji qi ke kao xing yu ce@f徐楠, 姜小琛, 秦广久著 |
| 210 | @a北京@c化学工业出版社@d2024.07 | |
| 215 | @a113页@c图@d24cm | |
| 320 | @a有书目 (第113页) | |
| 330 | @a高强合金材料是国内外使用最为广泛的工程材料, 基于各类高强合金材料表征的基础性数据进行可靠性预测对于提高我国重大工程中工程机械产品的可靠性具有十分重要的意义。本书详细介绍了高强合金材料涉及的可靠性设计和分析方法, 重点介绍了高强合金材料疲劳数据的参数估计和假设检验、疲劳寿命和性能的高可靠度预测等。最后, 提供了几种典型高强合金材料可靠性实验数据, 详细阐述了本书介绍的可靠性预测方法的具体应用, 以帮助读者有效、充分利用高强合金材料的可靠性数据, 进而提高机械产品的质量和寿命。 | |
| 606 | 0 | @a高强度@Agao qiang du@x合金@x金属材料 |
| 690 | @aTG135@v5 | |
| 701 | 0 | @a徐楠@Axu nan@4著 |
| 701 | 0 | @a姜小琛@Ajiang xiao chen@4著 |
| 701 | 0 | @a秦广久@Aqin guang jiu@4著 |
| 801 | 0 | @aCN@c20250909 |
| 905 | @a河南城建学院图书馆@dTG135@eX775@f1 | |
| 高强合金材料及其可靠性预测/徐楠, 姜小琛, 秦广久著.-北京:化学工业出版社,2024.07 |
| 113页:图;24cm |
| ISBN 978-7-122-45615-1:CNY79.00 |
| 高强合金材料是国内外使用最为广泛的工程材料, 基于各类高强合金材料表征的基础性数据进行可靠性预测对于提高我国重大工程中工程机械产品的可靠性具有十分重要的意义。本书详细介绍了高强合金材料涉及的可靠性设计和分析方法, 重点介绍了高强合金材料疲劳数据的参数估计和假设检验、疲劳寿命和性能的高可靠度预测等。最后, 提供了几种典型高强合金材料可靠性实验数据, 详细阐述了本书介绍的可靠性预测方法的具体应用, 以帮助读者有效、充分利用高强合金材料的可靠性数据, 进而提高机械产品的质量和寿命。 |
| ● |
| 相关链接 |
|
|
|
正题名:高强合金材料及其可靠性预测
索取号:TG135/X775
 
预约/预借
| 序号 | 登录号 | 条形码 | 馆藏地/架位号 | 状态 | 备注 |
| 1 | 1623289 | 216232896 | 自科库501/501自科库 24排2列5层/ [索取号:TG135/X775] | 在馆 |